01415nam a2200349Ia 4500001001200000003000800012006001900020007001500039008004100054010001700095020002300112020003600135020002600171020003900197040002100236035002100257050002400278082002400302100002500326245013400351260005500485300002500540504005100565533015200616610003200768650003300800650004100833655002900874710001700903856012600920999001901046ebr10590384CaPaEBRm u cr cn|||||||||120215s2012 miub sb 001 0 eng d z 2012005028 z0472028219 (ebook) z0472118102 (cloth : alk. paper) z9780472028214 (ebook) z9780472118106 (cloth : alk. paper) aCaPaEBRcCaPaEBR a(OCoLC)80703529414aKF4893b.R58 2012eb04a324.6/2089960732231 aRivers, Christina R.14aThe Congressional Black Caucus, minority voting rights, and the U.S. Supreme Courth[electronic resource] /cChristina R. Rivers. aAnn Arbor :bUniversity of Michigan Press,cc2012. axiv, 213 p. :bmaps. aIncludes bibliographical references and index. aElectronic reproduction.bPalo Alto, Calif. :cebrary,d2011.nAvailable via World Wide Web.nAccess may be limited to ebrary affiliated libraries.20aCongressional Black Caucus. 0aAfrican AmericansxSuffrage. 0aMinoritiesxSuffragezUnited States. 7aElectronic books.2local2 aebrary, Inc.40uhttp://site.ebrary.com/lib/rucke/Doc?id=10590384zAn electronic book accessible through the World Wide Web; click to view c209449d209449